| 000 | 00952cam a2200217 4500 | ||
|---|---|---|---|
| 001 | WB@3612-381 | ||
| 008 | 040909n2004 000 0 eng u | ||
| 035 | _a(Sirsi) u127304 | ||
| 245 | _aSocial tenants hit by exclusion | ||
| 260 | _c2004 | ||
| 490 |
_aInside Housing _v21(35) 3 September 2004, 6(1) |
||
| 520 | _aAccording to "Survey of English housing provisional results 2003/04" produced by the National Centre of Social Research for the ODPM, nearly one in 20 homes in the social housing sector are overcrowded. Only 12.1% of social rented housing is under-occupied, compared with 44.7% of owner occupied housing. Full details can be found at: http://www.odpm.gov.uk/stellent/groups/odpm_housin g/documents/page/odpm_house_603478.hcsp. | ||
| 590 | _aWB | ||
| 590 | _aWB | ||
| 650 | _aHOUSING STATISTICS | ||
| 650 | _aSOCIAL HOUSING | ||
| 650 | _aHOUSEHOLDS | ||
| 650 | _aENGLISH HOUSING SURVEY | ||
| 690 | _aHOUSING | ||
| 942 | _n0 | ||
| 999 |
_c117982 _d117982 |
||